Science et travail grande encyclopédie illustrée nouvelles inventions
Bewaard in:
| Hoofdauteur: | |
|---|---|
| Formaat: | Boek |
| Taal: | Undetermined |
| Gepubliceerd in: |
Paris
Librairie Aristide Quillet
1927
|
| Onderwerpen: | |
| Tags: |
Voeg label toe
Geen labels, Wees de eerste die dit record labelt!
|
| Thư viện lưu trữ: | Trung tâm Học liệu Trường Đại học Cần Thơ |
|---|
| LEADER | 00559nam a2200181Ia 4500 | ||
|---|---|---|---|
| 001 | CTU_104573 | ||
| 008 | 210402s9999 xx 000 0 und d | ||
| 082 | |a 030 | ||
| 082 | |b B844/Tom.I | ||
| 100 | |a Breton, J. L. | ||
| 245 | 0 | |a Science et travail grande encyclopédie illustrée nouvelles inventions | |
| 245 | 0 | |c J. L. Breton | |
| 260 | |a Paris | ||
| 260 | |b Librairie Aristide Quillet | ||
| 260 | |c 1927 | ||
| 650 | |a Science et travail,Khoa học và công việc | ||
| 904 | |i Hiếu | ||
| 980 | |a Trung tâm Học liệu Trường Đại học Cần Thơ | ||